000 00660nam a22002177a 4500
005 20170124105956.0
010 _a890571
020 _c00.00
035 _a890571
037 _bCen Lib/Ret
040 _aDPL
_bEN
082 _a230.1
_bSUB
100 _aSubramaniam, Kamala
_96671
245 _aMahabharata /
_cby Kamala Subramaniam
260 _aBombay
_bBharatiya Vidya Bhavan
_c1977
270 _aKulpati K.M. Munshi Marg
_bBombay
_e400 007
300 _axv,766p. :
_c22cm(Hb)
650 _aMahābhārata -- Criticism, interpretation, etc.
_914637
650 _aMahābhārata -- Paraphrases.
_914638
942 _2ddc
_cEN
_h230.1
_mSUB
999 _c125520
_d125520